<?xml version="1.0" encoding="UTF-8"?>
<record
    xmlns:xsi="http://www.w3.org/2001/XMLSchema-instance"
    xsi:schemaLocation="http://www.loc.gov/MARC21/slim http://www.loc.gov/standards/marcxml/schema/MARC21slim.xsd"
    xmlns="http://www.loc.gov/MARC21/slim">

  <leader>01469nam a22003377a 4500</leader>
  <controlfield tag="001">36301</controlfield>
  <controlfield tag="003">Ost</controlfield>
  <controlfield tag="005">20260507154548.0</controlfield>
  <controlfield tag="008">251113s9999||||xx |||||||||||||| ||eng||</controlfield>
  <datafield tag="020" ind1=" " ind2=" ">
    <subfield code="a">9789386863157</subfield>
  </datafield>
  <datafield tag="040" ind1=" " ind2=" ">
    <subfield code="c">nitttr</subfield>
  </datafield>
  <datafield tag="082" ind1=" " ind2=" ">
    <subfield code="a">891</subfield>
    <subfield code="b">YAS-S</subfield>
  </datafield>
  <datafield tag="100" ind1=" " ind2=" ">
    <subfield code="a">Vipin Kishore Sinha - &#x935;&#x93F;&#x92A;&#x940;&#x928; &#x915;&#x93F;&#x936;&#x94B;&#x930; &#x938;&#x93F;&#x928;&#x94D;&#x939;&#x93E;</subfield>
  </datafield>
  <datafield tag="245" ind1=" " ind2="0">
    <subfield code="a">Yashodanandan - &#x92F;&#x936;&#x94B;&#x926;&#x93E;&#x928;&#x928;&#x94D;&#x926;&#x928;</subfield>
  </datafield>
  <datafield tag="250" ind1=" " ind2=" ">
    <subfield code="a">1st Ed.</subfield>
  </datafield>
  <datafield tag="260" ind1=" " ind2=" ">
    <subfield code="a">New Delhi, India</subfield>
    <subfield code="b">Lokbharti Prakashan</subfield>
    <subfield code="c">2017</subfield>
  </datafield>
  <datafield tag="300" ind1=" " ind2=" ">
    <subfield code="a">152 p.</subfield>
  </datafield>
  <datafield tag="650" ind1=" " ind2=" ">
    <subfield code="a"> &#x917;&#x94D;&#x930;&#x93E;&#x92E;&#x940;&#x923; &#x914;&#x930; &#x938;&#x93E;&#x902;&#x938;&#x94D;&#x915;&#x943;&#x924;&#x93F;&#x915; &#x935;&#x93E;&#x924;&#x93E;&#x935;&#x930;&#x923; </subfield>
  </datafield>
  <datafield tag="650" ind1=" " ind2=" ">
    <subfield code="a"> &#x927;&#x93E;&#x930;&#x94D;&#x92E;&#x93F;&#x915; &#x92D;&#x93E;&#x935;&#x928;&#x93E;&#x90F;&#x901; </subfield>
  </datafield>
  <datafield tag="650" ind1=" " ind2=" ">
    <subfield code="a"> &#x928;&#x948;&#x924;&#x93F;&#x915; &#x914;&#x930; &#x906;&#x927;&#x94D;&#x92F;&#x93E;&#x924;&#x94D;&#x92E;&#x93F;&#x915; &#x92E;&#x942;&#x932;&#x94D;&#x92F; </subfield>
  </datafield>
  <datafield tag="650" ind1=" " ind2=" ">
    <subfield code="a"> &#x92A;&#x94C;&#x930;&#x93E;&#x923;&#x93F;&#x915; &#x92A;&#x93E;&#x924;&#x94D;&#x930;&#x94B;&#x902; &#x915;&#x93E; &#x91A;&#x93F;&#x924;&#x94D;&#x930;&#x923; </subfield>
  </datafield>
  <datafield tag="650" ind1=" " ind2=" ">
    <subfield code="a"> &#x92A;&#x94D;&#x930;&#x947;&#x92E; &#x914;&#x930; &#x935;&#x93E;&#x924;&#x94D;&#x938;&#x932;&#x94D;&#x92F; </subfield>
  </datafield>
  <datafield tag="650" ind1=" " ind2=" ">
    <subfield code="a"> &#x92D;&#x915;&#x94D;&#x924;&#x93F; &#x914;&#x930; &#x906;&#x938;&#x94D;&#x925;&#x93E; </subfield>
  </datafield>
  <datafield tag="650" ind1=" " ind2=" ">
    <subfield code="a"> &#x92D;&#x917;&#x935;&#x93E;&#x928; &#x915;&#x943;&#x937;&#x94D;&#x923; &#x915;&#x93E; &#x92C;&#x93E;&#x932;&#x94D;&#x92F;&#x915;&#x93E;&#x932; </subfield>
  </datafield>
  <datafield tag="650" ind1=" " ind2=" ">
    <subfield code="a"> &#x92D;&#x93E;&#x930;&#x924;&#x940;&#x92F; &#x927;&#x93E;&#x930;&#x94D;&#x92E;&#x93F;&#x915; &#x938;&#x93E;&#x939;&#x93F;&#x924;&#x94D;&#x92F;</subfield>
  </datafield>
  <datafield tag="650" ind1=" " ind2=" ">
    <subfield code="a"> &#x92D;&#x93E;&#x930;&#x924;&#x940;&#x92F; &#x938;&#x902;&#x938;&#x94D;&#x915;&#x943;&#x924;&#x93F; &#x914;&#x930; &#x92A;&#x930;&#x902;&#x92A;&#x930;&#x93E; </subfield>
  </datafield>
  <datafield tag="650" ind1=" " ind2=" ">
    <subfield code="a"> &#x92E;&#x93E;&#x924;&#x93E; &#x92F;&#x936;&#x94B;&#x926;&#x93E; &#x914;&#x930; &#x915;&#x943;&#x937;&#x94D;&#x923; &#x915;&#x93E; &#x938;&#x902;&#x92C;&#x902;&#x927; </subfield>
  </datafield>
  <datafield tag="650" ind1=" " ind2=" ">
    <subfield code="a"> &#x932;&#x94B;&#x915;&#x915;&#x925;&#x93E;&#x90F;&#x901; &#x914;&#x930; &#x927;&#x93E;&#x930;&#x94D;&#x92E;&#x93F;&#x915; &#x92A;&#x94D;&#x930;&#x938;&#x902;&#x917; </subfield>
  </datafield>
  <datafield tag="650" ind1=" " ind2=" ">
    <subfield code="a">&#x92A;&#x94C;&#x930;&#x93E;&#x923;&#x93F;&#x915; &#x915;&#x925;&#x93E; </subfield>
  </datafield>
  <datafield tag="942" ind1=" " ind2=" ">
    <subfield code="c">BK</subfield>
  </datafield>
  <datafield tag="999" ind1=" " ind2=" ">
    <subfield code="c">142</subfield>
    <subfield code="d">142</subfield>
  </datafield>
  <datafield tag="952" ind1=" " ind2=" ">
    <subfield code="0">0</subfield>
    <subfield code="1">0</subfield>
    <subfield code="4">0</subfield>
    <subfield code="7">0</subfield>
    <subfield code="a">NITTTR</subfield>
    <subfield code="b">NITTTR</subfield>
    <subfield code="d">2026-05-07</subfield>
    <subfield code="l">0</subfield>
    <subfield code="o">891. YAS-S</subfield>
    <subfield code="p">50215</subfield>
    <subfield code="r">2026-05-07 15:45:48</subfield>
    <subfield code="w">2026-05-07</subfield>
    <subfield code="y">BK</subfield>
  </datafield>
</record>
